| 000 | 01624nam a2200301 i 4500 | ||
|---|---|---|---|
| 003 | DO-SdBNP | ||
| 005 | 20260702150127.0 | ||
| 007 | ta | ||
| 008 | 260702e2025 dr ||||gr|||||||| |bspa d | ||
| 020 | _a9789945663341 | ||
| 040 |
_aDO-SdBNP _bspa _cBNPHU _erda |
||
| 041 | _aspa | ||
| 082 |
_bC957c 2025 _222 |
||
| 100 |
_aCruz, Teresa Janet de la _990470 _eautor |
||
| 245 |
_aConsumo de productos ultraprocesados en adolescentes : _b''su impacto en la salud'' / _cTeresa Janet de la Cruz ; diagramación: Yahaira Fernández Vásquez. |
||
| 250 | _aPrimera edición. | ||
| 264 |
_aSanto Domingo, República Dominicana : _bEditorial Santuario, _c2025. |
||
| 300 |
_a89 páginas ; _c22 cm. |
||
| 336 |
_atexto _btxt _2rdacontent |
||
| 337 |
_asin mediación _bn _2rdamedia |
||
| 338 |
_avolumen _bnc _2rdacarrier |
||
| 520 | _aEn las últimas décadas, la alimentación humana ha experimentado una transformación sin precedentes. La invasión de la industria alimentaria moderna ha puesto al alcance de la población, una amplia gama de productos ultraprocesados caracterizados por su alta densidad energética, exceso de azúcares, grasas refinadas, aditivos y bajo aporte de nutrientes esenciales. Este fenómeno ha adquirido especial relevancia en la adolescencia, una etapa crítica del desarrollo en la que se con solidan hábitos de vida y se definen patrones de salud que repercutirán en la edad adulta | ||
| 590 | _aInventariado, 2026/WG. | ||
| 650 | 0 |
_aNutrición _912779 |
|
| 650 | 0 |
_aSuplementos dietéticos _943177 |
|
| 700 |
_aFernández Vásquez, Yahaira _985391 _ediagramador |
||
| 942 |
_2ddc _cLBS1 |
||
| 999 |
_c60997 _d60997 |
||